000 00803nam a2200229Ia 4500
001 17068
003 GE_BSU
008 181216s||||||||xx |||||||||||||| ||und||
040 _cGE_BSU
080 _a82-93:821.161.1-3
100 _aშჩიპაჩოვი, ს.
245 _aარყის ხის წვენი
245 _bმოთხრობა საშ. ასაკის ბავშვებისათვის
245 _cთარგმნ.მ.ქვლივიძისა. რედ. ი.ქემერტელიძე
260 _aთბილისი
260 _bნაკადული
260 _c1965
300 _a141 გვ. ; 16 სმ.
653 _aარყის ხის წვენი
653 _aმოთხრობა
942 _cBK
999 _c50130
_d50130